01377cam a2200349 a 4500001001400000003000800014005001700022006001900039007001500058008004100073020003800114040003000152049002600182050002600208082002100234100002100255245009000276260002800366300003700394504005100431520020000482521001700682588004700699650004000746650003600786655002900822710001600851776003500867856009000902942001600992999001901008EDZ0000084982StDuBDS20161031105151.0m||||||||d||||||||cr |||||||||||120516s2003 enk fo| 001|0|eng d a9781446221716 (ebook) :cNo price aStDuBDSbengcStDuBDSepn aAlfaisal Main Library 0aPN1992.3.G7bB64 200304a791.457509412231 aBonner, Frances.10aOrdinary televisionh[electronic resource] :banalyzing popular TV /cFrances Bonner. aLondon :bSAGE,cc2003. a1 online resource (viii, 229 p.) aIncludes bibliographical references and index.8 aBonner provides a distinctive angle on a key area of research and teaching across media and cultural studies - the content of television and the relations between television genres and audiences. aSpecialized. aDescription based on print version record. 0aTelevision programszGreat Britain. 0aTelevision programszAustralia. 7aElectronic books.2local2 aSage eBooks08iPrint version :z978080397571240uhttp://ezproxy.alfaisal.edu/login?url=http://sk.sagepub.com/books/ordinary-television 2lcccEBOOKS c480792d480792